| 000 | 00690nam a2200145 i 4500 | ||
|---|---|---|---|
| 001 | 99482 | ||
| 003 | ES-MaACL | ||
| 007 | t| | ||
| 008 | 050912s1905 fr ||||1| fre d | ||
| 100 | 1 |
_aMartinenche, Ernest. _977699 |
|
| 245 | 1 | 0 |
_aPropos d'Espagne / _cErnest Martinenche. |
| 260 |
_aParis : _b[s.n.], _c1905 ( _fDurand) |
||
| 505 | 8 | _aContiene: Le paysage espagnol.- Ruines romaines.- Les maures et leurs monuments en Espagne.- Villes mortes.- Tolède.- Seville.- Dans les cathedrales et les églises.- Dans les bibliothèques.- Dans les théatres.- Dans les rues.- La peinture espagnole.- La Littérature du jour en Espagne.- La psychologie du peuple espagnol | |
| 852 |
_aES-MaACL _jB-3200 |
||
| 999 |
_c99482 _d99482 |
||